Whiskers in the dark / (Record no. 245232)
[ view plain ]
| 000 -LEADER | |
|---|---|
| fixed length control field | 02439cam a22003858i 4500 |
| 001 - CONTROL NUMBER | |
| control field | BK0024989681 |
| 003 - CONTROL NUMBER IDENTIFIER | |
| control field | DLC |
| 005 - DATE AND TIME OF LATEST TRANSACTION | |
| control field | 20190612134300.0 |
| 008 - FIXED-LENGTH DATA ELEMENTS--GENERAL INFORMATION | |
| fixed length control field | 190426t20192019meu d 000 1 eng |
| 010 ## - LIBRARY OF CONGRESS CONTROL NUMBER | |
| LC control number | 2019020152 |
| 020 ## - INTERNATIONAL STANDARD BOOK NUMBER | |
| International Standard Book Number | 9781432867201 : HRD |
| Terms of availability | 36.99 |
| 020 ## - INTERNATIONAL STANDARD BOOK NUMBER | |
| International Standard Book Number | 1432867202 : HRD |
| Terms of availability | 36.99 |
| 037 ## - SOURCE OF ACQUISITION | |
| Source of stock number/acquisition | Thorndike Pr, C/O Gale Group Po Box 9187, Farmington Hills, MI, USA, 48331-3535, (248)6994253 |
| Note | SAN 213-4373 |
| 040 ## - CATALOGING SOURCE | |
| Original cataloging agency | DLC |
| Language of cataloging | eng |
| Description conventions | rda |
| Transcribing agency | DLC |
| Modifying agency | GCmBT |
| 050 10 - LIBRARY OF CONGRESS CALL NUMBER | |
| Classification number | PS3552.R698 |
| Item number | W49 2019b |
| 082 00 - DEWEY DECIMAL CLASSIFICATION NUMBER | |
| Classification number | 813/.54 |
| Edition number | 23 |
| 092 ## - LOCALLY ASSIGNED DEWEY CALL NUMBER (OCLC) | |
| Classification number | 813.5400 |
| 100 1# - MAIN ENTRY--PERSONAL NAME | |
| Personal name | Brown, Rita Mae, |
| Relator term | author. |
| 9 (RLIN) | 3419 |
| 245 10 - TITLE STATEMENT | |
| Title | Whiskers in the dark / |
| Statement of responsibility, etc | By Rita Mae Brown & Sneaky Pie Brown ; Illustrated by Michael Gellatly. |
| 250 ## - EDITION STATEMENT | |
| Edition statement | Large print edition. |
| 263 ## - PROJECTED PUBLICATION DATE | |
| Projected publication date | 1906 |
| 264 #1 - Production, Publication, Distribution, Manufacture, and Copyright Notice. | |
| Place of production, publication, distribution, manufacture | Waterville, Maine : |
| Name of producer, publisher, distributor, manufacturer | Thorndike Press, a part of Gale, a Cengage Company, |
| Date of production, publication, distribution, manufacture, or copyr | 2019. |
| 264 #4 - Production, Publication, Distribution, Manufacture, and Copyright Notice. | |
| Date of production, publication, distribution, manufacture, or copyr | �2019 |
| 300 ## - PHYSICAL DESCRIPTION | |
| Extent | pages cm. |
| 336 ## - Content Type | |
| Content type term | text |
| 337 ## - Media type | |
| Media type term | unmediated |
| 338 ## - Carrier type | |
| Carrier type term | volume |
| 490 0# - SERIES STATEMENT | |
| Series statement | A Mrs. Murphy mystery |
| 490 0# - SERIES STATEMENT | |
| Series statement | Thorndike Press large print basic |
| 520 ## - SUMMARY, ETC. | |
| Summary, etc | The discovery of a body in the beautiful Blue Ridge mountains dredges up mysteries that have lingered from Revolutionary Virginia through the Civil War and beyond, in a supernaturally thrilling new tale from Rita Mae Brown and her feline co-author SneakyPie Brown. A trial is underway in Albemarle County, where Mary Minor "Harry" Harristeen and her trusty crew of two- and four-legged friends hope to catch a killer--who may not be the person accused of the crime. Since an old friend's body was discovered by the hunting club's faithful beagles, it has been up to Harry--with her crime-solving cats Mrs. Murphy and Pewter, and Tee Tucker the corgi--to sniff out a trail of clues. Meanwhile, bloodshed dating back generations continues to haunt the current grounds of the National Beagle Club of America. Are past claims of ghost sightings still to be ignored? And what do these paranormal apparitions have to do with the very modern drama unfolding in court and the all-too-real threats confronting Harry and her companions at every turn?"-- |
| -- | Provided by publisher. |
| 650 #0 - SUBJECT ADDED ENTRY--TOPICAL TERM | |
| Topical term or geographic name as entry element | Large type books. |
| 9 (RLIN) | 86775 |
| 650 #7 - SUBJECT ADDED ENTRY--TOPICAL TERM | |
| Topical term or geographic name as entry element | FICTION / Mystery & Detective / Women Sleuths. |
| Source of heading or term | bisacsh |
| 9 (RLIN) | 5687182 |
| 700 1# - ADDED ENTRY--PERSONAL NAME | |
| Personal name | Brown, Sneaky Pie, |
| Dates associated with a name | 1982- |
| Relator term | author. |
| 9 (RLIN) | 5779765 |
| 700 1# - ADDED ENTRY--PERSONAL NAME | |
| Personal name | Gellatly, Michael, |
| Relator term | illustrator. |
| 9 (RLIN) | 68264 |
| Withdrawn status | Lost status | Source of classification or shelving scheme | Damaged status | Not for loan | Collection code | Home library | Current library | Shelving location | Date acquired | Source of acquisition | Cost, normal purchase price | Total Checkouts | Total Renewals | Full call number | Barcode | Date last seen | Date checked out | Cost, replacement price | Price effective from | Koha item type |
|---|---|---|---|---|---|---|---|---|---|---|---|---|---|---|---|---|---|---|---|---|
| Dewey Decimal Classification | Large Print | Wasatch County Library | Wasatch County Library | First Floor | 06/13/2019 | Gale | 25.00 | 14 | 5 | F Brown | 34301001633751 | 12/09/2024 | 11/08/2024 | 25.00 | 03/20/2020 | BOOK |
